Design of concrete structures (Record no. 3622)

000 -LEADER
fixed length control field 00547nam a22002057a 4500
001 - CONTROL NUMBER
control field 3622
003 - CONTROL NUMBER IDENTIFIER
control field BD-DhUET
008 - FIXED-LENGTH DATA ELEMENTS--GENERAL INFORMATION
fixed length control field 141102b xxu||||| |||| 00| 0 eng d
040 ## - CATALOGING SOURCE
Transcribing agency 0
Modifying agency BD-DhUET
082 ## - DEWEY DECIMAL CLASSIFICATION NUMBER
Classification number 624.183
Item number WIN/1972
100 ## - MAIN ENTRY--PERSONAL NAME
Personal name Winter, George
245 ## - TITLE STATEMENT
Title Design of concrete structures
Statement of responsibility, etc. by George Winter and Arthur H. Nilson
250 ## - EDITION STATEMENT
Edition statement 8th ed.
260 ## - PUBLICATION, DISTRIBUTION, ETC. (IMPRINT)
Place of publication, distribution, etc. New York
Name of publisher, distributor, etc. McGraw-Hill
Date of publication, distribution, etc. 1972
300 ## - PHYSICAL DESCRIPTION
Extent xii,615p.
504 ## - BIBLIOGRAPHY, ETC. NOTE
Bibliography, etc Includes bibliographies
650 #0 - SUBJECT ADDED ENTRY--TOPICAL TERM
Topical term or geographic name as entry element Reinforced concrete
700 ## - ADDED ENTRY--PERSONAL NAME
Personal name Nilson, Arthur H.
942 ## - ADDED ENTRY ELEMENTS (KOHA)
Koha item type General Book
Holdings
Location (home branch) Withdrawn status Date acquired Shelving location Lost status Koha item type Koha full call number Damaged status Koha date last seen Sublocation or collection (holding branch) Koha date last borrowed Koha issues (times borrowed) Source of classification or shelving scheme Piece designation (barcode) Price effective from Copy number Not for loan Koha normalized classification for sorting
Central Library, BUET 2014-11-02Circulation section General Book624.183/WIN/1972 2025-06-18Central Library, BUET2025-05-262 398702014-11-021 624_183000000000000_WIN_1972
Central Library, BUET 2014-11-02Circulation section General Book624.183/WIN/1972 2025-05-28Central Library, BUET2025-05-261 442532014-11-022 624_000000000000000_183WIN1972
Central Library, BUET 2014-11-18Circulation section General Book624.183/WIN/1972 2014-11-18Central Library, BUET   398692014-11-183 624_000000000000000_183WIN1972
Central Library, BUET 2014-11-18Circulation section General Book624.183/WIN/1972 2014-11-18Central Library, BUET   398712014-11-184 624_000000000000000_183WIN1972
Central Library, BUET 2015-02-22Circulation section General Book624.183/WIN/1972 2025-06-28Central Library, BUET2025-05-272 428442015-02-225 624_183000000000000_WIN_1972
Central Library, BUET 2015-02-22Circulation section General Book624.183/WIN/1972 2015-02-22Central Library, BUET   549302015-02-226 624_183000000000000_WIN_1972
Central Library, BUET 2015-05-07Circulation section General Book624.183/WIN/1972 2025-05-27Central Library, BUET2025-05-261 451122015-05-077 624_183000000000000_WIN_1972